[Event "Mittelfr. EM 2018 - Hauptturnier"]
[Site "Nürnberg"]
[Date "2018.03.28"]
[Round "3.4"]
[White "Böhme, Markus"]
[Black "Homuth, Wolfgang"]
[Result "1-0"]
[WhiteElo "2045"]
[BlackElo "2198"]
[PlyCount "41"]
[EventDate "2018.??.??"]
[WhiteTeam "SC Uttenreuth"]
[BlackTeam "SC Noris-Tarrasch Nürnberg"]

1. e4 c5 2. Nf3 e6 3. d4 cxd4 4. Nxd4 Nc6 5. Nc3 a6 6. Nxc6 bxc6 7. Bd3 d5 8.
O-O Nf6 9. Qf3 Bd6 10. Re1 Qc7 11. exd5 cxd5 12. Nxd5 Nxd5 13. Qxd5 Bxh2+ 14.
Kh1 Bb7 15. Qh5 Bd6 16. Rxe6+ Kf8 17. Re2 Re8 18. Rxe8+ Kxe8 19. Bd2 h6 20.
Re1+ Kd8 21. Ba5 1-0

[Event "Mittelfr. EM 2018 - Hauptturnier"]
[Site "Nürnberg"]
[Date "2018.03.28"]
[Round "3.5"]
[White "Walter, Thomas"]
[Black "Smyk, Jozef"]
[Result "1/2-1/2"]
[WhiteElo "2091"]
[BlackElo "1952"]
[PlyCount "135"]
[EventDate "2018.??.??"]
[WhiteTeam "SC Erlangen"]
[BlackTeam "SK Neumarkt"]

1. e4 e5 2. Nf3 Nc6 3. Bc4 Bc5 4. O-O Nf6 5. d4 exd4 6. e5 d5 7. exf6 dxc4 8.
fxg7 Rg8 9. Re1+ Be6 10. Bg5 Be7 11. Bxe7 Qxe7 12. Nxd4 Rd8 13. c3 Nxd4 14.
cxd4 Rxg7 15. Nc3 Kf8 16. Qf3 c6 17. Re4 Qd7 18. Rae1 Rg6 19. Qh5 h6 20. Rf4
Kg8 21. Ne4 Qc7 22. Nf6+ Kg7 23. Qh4 Qa5 24. Rxe6 fxe6 25. Nh5+ Kh8 26. g3 Qg5
27. Qh3 Rd5 28. Rf8+ Kh7 29. Nf4 Rf6 30. Rxf6 Qxf6 31. Nxd5 cxd5 32. Qg4 b5 33.
a3 a5 34. Qd1 b4 35. axb4 axb4 36. Qd2 b3 37. Qe3 Qf5 38. Qc3 Qb1+ 39. Kg2 Qe4+
40. Kg1 Qb1+ 41. Kg2 Qc2 42. Qb4 Qe4+ 43. Kg1 Qxd4 44. Qe7+ Qg7 45. Qxe6 Qxb2
46. Qf5+ Kg7 47. Qd7+ Kg6 48. Qxd5 Qc1+ 49. Kg2 Qc3 50. Qg8+ Qg7 51. Qe6+ Kh7
52. Qe4+ Kh8 53. Qe8+ Qg8 54. Qe5+ Kh7 55. h4 Qf7 56. f3 Qg7 57. Qe4+ Qg6 58.
Qb7+ Kg8 59. h5 Qc2+ 60. Kh3 b2 61. Qc8+ Kf7 62. Qd7+ Kf6 63. Qd6+ Kf7 64. Qd7+
Kf6 65. Qc6+ Ke7 66. Qc7+ Ke6 67. Qc6+ Ke7 68. Qc7+ 1/2-1/2

[Event "Mittelfr. EM 2018 - Hauptturnier"]
[Site "Nürnberg"]
[Date "2018.03.28"]
[Round "3.6"]
[White "Bildt, Maximilian"]
[Black "Seibold, Hubert"]
[Result "0-1"]
[WhiteElo "2045"]
[BlackElo "2133"]
[PlyCount "68"]
[EventDate "2018.??.??"]
[WhiteTeam "SK Zirndorf"]
[BlackTeam "SK Zirndorf"]

1. e4 c5 2. Nf3 Nc6 3. d4 cxd4 4. Nxd4 Qc7 5. Nc3 e6 6. Be2 a6 7. O-O Nf6 8.
Kh1 Bb4 9. f4 Bxc3 10. bxc3 Nxe4 11. Qd3 f5 12. Bf3 d5 13. Ba3 Nxd4 14. cxd4
Bd7 15. Bxe4 Bb5 16. Qe3 dxe4 17. Rfd1 Bc4 18. Rdb1 b5 19. Bc5 Kf7 20. Rg1 h6
21. h3 Rag8 22. d5 Bxd5 23. Bd4 Rh7 24. g4 g5 25. Be5 Qxc2 26. Rac1 Qd3 27.
Rc7+ Kg6 28. gxf5+ Kh5 29. Rxh7 Qxe3 30. Kh2 exf5 31. Rg3 Qd2+ 32. Rg2 e3 33.
Rxd2 exd2 34. Bf6 gxf4 0-1

[Event "Mittelfr. EM 2018 - Hauptturnier"]
[Site "Nürnberg"]
[Date "2018.03.28"]
[Round "3.7"]
[White "Böhme, Sebastian"]
[Black "Kocak, Ediz"]
[Result "1-0"]
[WhiteElo "2036"]
[BlackElo "1807"]
[PlyCount "87"]
[EventDate "2018.??.??"]
[WhiteTeam "SC Uttenreuth"]
[BlackTeam "SGem Fürth"]

1. e4 b6 2. d4 Bb7 3. Bd3 e6 4. Nf3 Nf6 5. Bg5 h6 6. Bxf6 Qxf6 7. e5 Qd8 8. O-O
d6 9. Re1 Nd7 10. Nc3 dxe5 11. d5 Qf6 12. Bb5 O-O-O 13. Bxd7+ Rxd7 14. Nxe5 Rd8
15. Qe2 Bd6 16. Nc6 exd5 17. Qg4+ Rd7 18. Nb8 Kxb8 19. Qxd7 a6 20. Rad1 Qh4 21.
g3 Qh5 22. Re8+ Rxe8 23. Qxe8+ Ka7 24. Qe2 Qg5 25. Qd2 Qg4 26. Nxd5 h5 27. Qd4
Qf5 28. c4 g5 29. b4 c5 30. Qe3 Qg4 31. f3 Qxc4 32. Nxb6 Kxb6 33. Rxd6+ Kb5 34.
Qxc5+ Qxc5+ 35. bxc5 Kxc5 36. Rf6 Bd5 37. Rxa6 Bxf3 38. Ra5+ Kb4 39. Rxg5 Be2
40. Re5 Bd3 41. Rxh5 Bb1 42. a3+ Kxa3 43. Rh8 Bf5 44. Rb8 1-0

[Event "Mittelfr. EM 2018 - Hauptturnier"]
[Site "Nürnberg"]
[Date "2018.03.28"]
[Round "3.8"]
[White "Braun, Kristin"]
[Black "Link, Andreas"]
[Result "0-1"]
[WhiteElo "1844"]
[BlackElo "2028"]
[PlyCount "106"]
[EventDate "2018.??.??"]
[WhiteTeam "SC Forchheim"]
[BlackTeam "Zabo-Eintracht Nürnberg"]

1. e4 c5 2. Nc3 d6 3. g3 g6 4. Bg2 Bg7 5. d3 e5 6. Be3 Be6 7. Qd2 a6 8. Nce2
Nc6 9. c3 Qd7 10. d4 cxd4 11. cxd4 d5 12. dxe5 dxe4 13. Qxd7+ Bxd7 14. Bxe4
Bxe5 15. Nf3 Bxb2 16. Rb1 Ba3 17. Rxb7 Nf6 18. Rb3 Nxe4 19. Rxa3 Nb4 20. Nfd4
O-O 21. O-O Rfc8 22. f3 Nd6 23. Rb3 a5 24. a3 Nd5 25. Bf2 Nc4 26. Nc3 Nf6 27.
Ra1 a4 28. Rb4 Nd2 29. Be1 Rxc3 30. Bxd2 Rd3 31. Ra2 Rc8 32. Kf2 Nd5 33. Rb7
Be8 34. Ne2 Bc6 35. Rb1 Ne7 36. f4 Bd5 37. Rab2 Rxa3 38. Bb4 Rf3+ 39. Ke1 Nc6
40. Ra1 Rb3 41. Rxb3 axb3 42. Bc3 Ne7 43. Rb1 Bc4 44. Nd4 Nd5 45. Kd2 Ra8 46.
Rb2 Ra2 47. Nc6 Nb6 48. Nb4 Ra4 49. Nc2 Be6 50. Ne3 Ra8 51. g4 Na4 52. Rb1 Rd8+
53. Kc1 Nxc3 0-1

[Event "Mittelfr. EM 2018 - Hauptturnier"]
[Site "Nürnberg"]
[Date "2018.03.28"]
[Round "3.9"]
[White "Brenner, Christian"]
[Black "Hetzner, Hannes"]
[Result "1-0"]
[WhiteElo "1990"]
[BlackElo "1753"]
[PlyCount "97"]
[EventDate "2018.??.??"]
[WhiteTeam "Zabo-Eintracht Nürnberg"]
[BlackTeam "SC Erlangen"]

1. Nc3 d5 2. d4 Nf6 3. g3 e6 4. Bg2 c5 5. e3 Nc6 6. Nge2 b6 7. O-O Ba6 8. Re1
Be7 9. a4 O-O 10. Nb5 Rc8 11. c4 cxd4 12. exd4 dxc4 13. Bf4 Nd5 14. Bxd5 exd5
15. Nec3 Bxb5 16. axb5 Nb4 17. Rxa7 Bg5 18. Re5 Bxf4 19. gxf4 Qh4 20. Qf3 Nd3
21. Rh5 Qxf4 22. Qxf4 Nxf4 23. Rf5 Ne6 24. Rxd5 Ra8 25. Ra3 Rad8 26. Rxd8 Rxd8
27. d5 Nc5 28. Ra7 Kf8 29. Rc7 Rd6 30. f3 Rf6 31. Ne4 Rxf3 32. Nxc5 bxc5 33. b6
Rb3 34. b7 Rxb2 35. Rc8+ Ke7 36. b8=Q Rxb8 37. Rxb8 Kd6 38. Kf2 Kxd5 39. Ke3 f5
40. h4 c3 41. Kd3 f4 42. Rb7 g6 43. Rxh7 c2 44. Kxc2 Ke4 45. Rf7 Ke3 46. Rf6 f3
47. Rxg6 f2 48. Rf6 f1=Q 49. Rxf1 1-0

[Event "Mittelfr. EM 2018 - Hauptturnier"]
[Site "Nürnberg"]
[Date "2018.03.28"]
[Round "3.10"]
[White "Adelhütte, Dennis"]
[Black "Balhar, Michael"]
[Result "1-0"]
[WhiteElo "1961"]
[BlackElo "1791"]
[PlyCount "57"]
[EventDate "2018.??.??"]
[WhiteTeam "SC JÄKLECHEMIE"]
[BlackTeam "SC Erlangen"]

1. d4 d5 2. c4 dxc4 3. e4 Nf6 4. Nc3 e6 5. Bxc4 Bb4 6. e5 Nd5 7. Bd2 Nb6 8. Bb3
Qxd4 9. Nf3 Qd8 10. Qc2 Bd7 11. Bg5 Be7 12. h4 h6 13. Be3 Na6 14. O-O-O Bc5 15.
Nd4 Qe7 16. Kb1 Bxd4 17. Rxd4 Nc5 18. Rg4 Nxb3 19. axb3 g6 20. Ne4 Nd5 21. Bc5
Qd8 22. Rxg6 b6 23. Ba3 c5 24. Nd6+ Kf8 25. Rg3 Be8 26. Rf3 f5 27. Rd1 Qxh4 28.
Nxf5 Qh5 29. Ng3+ 1-0

[Event "Mittelfr. EM 2018 - Hauptturnier"]
[Site "Nürnberg"]
[Date "2018.03.28"]
[Round "4.1"]
[White "Finster, Michael"]
[Black "Walter, Florian"]
[Result "1/2-1/2"]
[WhiteElo "2144"]
[BlackElo "2203"]
[PlyCount "94"]
[EventDate "2018.??.??"]
[WhiteTeam "SK Herzogenaurach"]
[BlackTeam "SC Noris-Tarrasch Nürnberg"]

1. e4 c5 2. c4 Nc6 3. Nc3 g6 4. g3 Bg7 5. Bg2 d6 6. h3 Nf6 7. d3 Nd7 8. Nge2
Nf8 9. O-O Ne6 10. f4 Ned4 11. Rb1 O-O 12. Be3 Bd7 13. g4 Rb8 14. f5 a6 15. Qd2
b5 16. Bh6 b4 17. Ng3 bxc3 18. bxc3 Bxh6 19. Qxh6 Nc2 20. Rxb8 Qxb8 21. Qc1 d5
22. Kh2 dxc4 23. Qxc2 cxd3 24. Qxd3 Ne5 25. Qe3 Qd6 26. Rf2 Rb8 27. fxg6 hxg6
28. Rd2 Nc4 29. Rxd6 Nxe3 30. Rd2 Be6 31. e5 Rb1 32. Ne4 Bd5 33. Re2 Nxg2 34.
Kxg2 Rc1 35. Re3 Rc2+ 36. Kf3 Rxa2 37. Rd3 Bc6 38. Rd8+ Kg7 39. Rc8 Bb7 40. Rc7
Bxe4+ 41. Kxe4 Rh2 42. Rxe7 Rxh3 43. e6 Kf6 44. Rxf7+ Kxe6 45. Ra7 Rxc3 46.
Rxa6+ Kf7 47. g5 Rg3 1/2-1/2

[Event "Mittelfr. EM 2018 - Hauptturnier"]
[Site "Nürnberg"]
[Date "2018.03.28"]
[Round "4.3"]
[White "Leis, Stefan"]
[Black "Böhme, Markus"]
[Result "0-1"]
[WhiteElo "1966"]
[BlackElo "2045"]
[PlyCount "80"]
[EventDate "2018.??.??"]
[WhiteTeam "SC Mühlhof-Reichelsdorf"]
[BlackTeam "SC Uttenreuth"]

1. d4 Nf6 2. Nf3 g6 3. Bf4 Bg7 4. Nc3 d6 5. Qd2 c6 6. Bh6 Bxh6 7. Qxh6 Qa5 8.
Nd2 Qf5 9. e4 Qxf2+ 10. Kxf2 Ng4+ 11. Kg3 Nxh6 12. h3 O-O 13. a4 f5 14. Bd3
fxe4 15. Bxe4 Nf5+ 16. Bxf5 Bxf5 17. Rhe1 Re8 18. Nde4 Nd7 19. Re2 d5 20. Ng5
e5 21. dxe5 Rxe5 22. Rxe5 Nxe5 23. Rc1 h6 24. Nf3 Nxf3 25. Kxf3 Re8 26. g4 Be4+
27. Nxe4 Rxe4 28. b3 g5 29. Rd1 Kf7 30. Rd3 Ke6 31. Kg3 c5 32. Kf3 Ke5 33. a5
d4 34. c3 Rf4+ 35. Ke2 Ke4 36. cxd4 cxd4 37. Rg3 d3+ 38. Rxd3 Rf2+ 39. Kxf2
Kxd3 40. Kf3 b5 0-1

[Event "Mittelfr. EM 2018 - Hauptturnier"]
[Site "Nürnberg"]
[Date "2018.03.28"]
[Round "4.4"]
[White "Seibold, Hubert"]
[Black "Brenner, Christian"]
[Result "1-0"]
[WhiteElo "2133"]
[BlackElo "1990"]
[PlyCount "85"]
[EventDate "2018.??.??"]
[WhiteTeam "SK Zirndorf"]
[BlackTeam "Zabo-Eintracht Nürnberg"]

1. Nf3 Nf6 2. d4 g6 3. g3 Bg7 4. Bg2 O-O 5. O-O d6 6. c4 Nbd7 7. Nc3 c6 8. h3
e5 9. e4 Qb6 10. dxe5 dxe5 11. b3 Re8 12. Qc2 h6 13. Be3 Qa5 14. Rfd1 Bf8 15.
a3 Qc7 16. b4 b6 17. Rdc1 Bb7 18. Nd2 Rad8 19. Nb3 Bg7 20. c5 b5 21. a4 bxa4
22. Rxa4 a6 23. Na5 Nf8 24. Qe2 Ne6 25. Nxb7 Qxb7 26. Qxa6 Qd7 27. b5 cxb5 28.
Qxb5 Nd4 29. Qxd7 Rxd7 30. Bxd4 exd4 31. c6 Rdd8 32. Nd5 d3 33. Rd1 Rc8 34. Rc4
Re6 35. Rxd3 Ne8 36. h4 Bf8 37. c7 Nd6 38. Rc2 Kg7 39. Bh3 f5 40. exf5 Nxf5 41.
Bxf5 gxf5 42. Nf4 Re7 43. Rd8 1-0

[Event "Mittelfr. EM 2018 - Hauptturnier"]
[Site "Nürnberg"]
[Date "2018.03.28"]
[Round "4.5"]
[White "Erlbeck, Peter"]
[Black "Adelhütte, Dennis"]
[Result "1/2-1/2"]
[WhiteElo "2095"]
[BlackElo "1961"]
[PlyCount "124"]
[EventDate "2018.??.??"]
[WhiteTeam "SW Nürnberg Süd"]
[BlackTeam "SC JÄKLECHEMIE"]

1. e4 e6 2. d4 d5 3. e5 c5 4. c3 Nc6 5. Nf3 Qb6 6. a3 f6 7. Bd3 fxe5 8. Nxe5
Nxe5 9. dxe5 g6 10. O-O Bg7 11. c4 d4 12. f4 Ne7 13. Nd2 O-O 14. Ne4 Bd7 15. b4
cxb4 16. axb4 Bc6 17. Ng5 Bd7 18. b5 Nf5 19. Qe2 Rfe8 20. Ne4 Kh8 21. Bd2 Qc7
22. g4 Nh6 23. Ba5 b6 24. Be1 Nf7 25. Bh4 Bc8 26. Qf2 Bb7 27. Qxd4 Red8 28. Qe3
Bf8 29. Bf6+ Kg8 30. Bxd8 Rxd8 31. Rae1 Bb4 32. Re2 Qe7 33. Nf6+ Kg7 34. Qh3
Bc5+ 35. Rff2 Bxf2+ 36. Rxf2 h6 37. Qe3 Qa3 38. Rd2 Qc1+ 39. Kf2 Qh1 40. Qg3
Qc1 41. Ke2 Qc3 42. Qe3 Qc1 43. Ne4 Qh1 44. Nd6 Bg2 45. Rd1 Qxh2 46. Qf2 Nxe5
47. Be4 Nxg4 48. Qxg2 Qxf4 49. Qf3 Qh2+ 50. Qg2 Qf4 51. Nf5+ exf5 52. Rxd8 Qe3+
53. Kd1 Nf2+ 54. Kc2 Nxe4 55. Rd7+ Kf6 56. Rd3 Qc5 57. Kb3 Qc8 58. Rd5 Qe6 59.
Qb2+ Kg5 60. Qg2+ Kf6 61. Qb2+ Kg5 62. Qg2+ Kf6 1/2-1/2

[Event "Mittelfr. EM 2018 - Hauptturnier"]
[Site "Nürnberg"]
[Date "2018.03.28"]
[Round "4.6"]
[White "Link, Andreas"]
[Black "Walter, Thomas"]
[Result "0-1"]
[WhiteElo "2028"]
[BlackElo "2091"]
[PlyCount "104"]
[EventDate "2018.??.??"]
[WhiteTeam "Zabo-Eintracht Nürnberg"]
[BlackTeam "SC Erlangen"]

1. e4 c5 2. Nf3 g6 3. c3 Bg7 4. d4 cxd4 5. Bc4 Qc7 6. Qb3 e6 7. O-O Nc6 8. Bd3
Nge7 9. Bg5 d6 10. cxd4 Nxd4 11. Nxd4 Bxd4 12. Nc3 Bxc3 13. Rac1 Qa5 14. Bxe7
Kxe7 15. Rxc3 Bd7 16. Rfc1 Rhc8 17. Qxb7 Rab8 18. Qa6 Rxc3 19. bxc3 Qxa6 20.
Bxa6 Rb2 21. Bc4 Bc6 22. f3 d5 23. exd5 Bxd5 24. Bf1 Rxa2 25. c4 Bc6 26. c5 Kd8
27. h4 a5 28. Bc4 Rb2 29. Rc3 a4 30. Kh2 Kc7 31. Kg3 Bd5 32. Bxd5 exd5 33. Kf4
f6 34. g4 Rb4+ 35. Kg3 d4 36. Rd3 Kc6 37. g5 fxg5 38. hxg5 Kxc5 39. Kf4 Rb3 40.
Rd2 a3 41. Rh2 Rb7 42. Ke4 Re7+ 43. Kd3 Ra7 44. Rc2+ Kd5 45. Ra2 Ra6 46. f4 Ra4
47. Kc2 Kc4 48. Kb1 d3 49. f5 gxf5 50. Rh2 Rb4+ 51. Ka1 Rb7 52. Rh4+ Kc3 0-1

[Event "Mittelfr. EM 2018 - Hauptturnier"]
[Site "Nürnberg"]
[Date "2018.03.28"]
[Round "4.7"]
[White "Smyk, Jozef"]
[Black "Böhme, Sebastian"]
[Result "1/2-1/2"]
[WhiteElo "1952"]
[BlackElo "2036"]
[PlyCount "87"]
[EventDate "2018.??.??"]
[WhiteTeam "SK Neumarkt"]
[BlackTeam "SC Uttenreuth"]

1. d4 e6 2. Bf4 f5 3. Nf3 Nf6 4. e3 b6 5. c4 Bb4+ 6. Nbd2 Bb7 7. a3 Bxd2+ 8.
Nxd2 O-O 9. f3 Nh5 10. Bg3 Nxg3 11. hxg3 Qg5 12. Kf2 d6 13. Be2 Nd7 14. f4 Qe7
15. Bf3 Bxf3 16. gxf3 e5 17. Qb3 exd4 18. exd4 Qf6 19. Qd3 Rfe8 20. Rae1 Nf8
21. b4 Ne6 22. Nb3 a5 23. d5 a4 24. Rxe6 Rxe6 25. dxe6 axb3 26. Qxb3 Qxe6 27.
Re1 Qf7 28. Qd3 g6 29. Re3 Re8 30. Qd5 Rxe3 31. Qxf7+ Kxf7 32. Kxe3 c5 33. bxc5
bxc5 34. Kd3 Ke6 35. Kc3 Kd7 36. Kb3 Kc6 37. Kc3 Kb6 38. Kb2 Ka6 39. Kc3 Kb6
40. Kc2 Ka5 41. Kb3 h6 42. Ka2 Kb6 43. Kb2 Ka6 44. Kc3 1/2-1/2

[Event "Mittelfr. EM 2018 - Hauptturnier"]
[Site "Nürnberg"]
[Date "2018.03.28"]
[Round "4.8"]
[White "Homuth, Wolfgang"]
[Black "Bildt, Maximilian"]
[Result "1/2-1/2"]
[WhiteElo "2198"]
[BlackElo "2045"]
[PlyCount "46"]
[EventDate "2018.??.??"]
[WhiteTeam "SC Noris-Tarrasch Nürnberg"]
[BlackTeam "SK Zirndorf"]

1. e4 c5 2. Nc3 e6 3. f4 a6 4. g3 b5 5. Bg2 Bb7 6. d3 Nf6 7. Nf3 d5 8. exd5
Nxd5 9. Ne4 Be7 10. O-O O-O 11. Ne5 Qc7 12. Qe2 Nc6 13. Nxc6 Bxc6 14. Bd2 Qb7
15. f5 e5 16. Rae1 Rfe8 17. g4 Bh4 18. Nd6 Qd7 19. Nxe8 Bxe1 20. Nf6+ Nxf6 21.
Rxe1 Bxg2 22. Qxg2 Re8 23. g5 Nd5 1/2-1/2

[Event "Mittelfr. EM 2018 - Hauptturnier"]
[Site "Nürnberg"]
[Date "2018.03.28"]
[Round "4.9"]
[White "Hetzner, Hannes"]
[Black "Braun, Kristin"]
[Result "1/2-1/2"]
[WhiteElo "1753"]
[BlackElo "1844"]
[PlyCount "58"]
[EventDate "2018.??.??"]
[WhiteTeam "SC Erlangen"]
[BlackTeam "SC Forchheim"]

1. e4 g6 2. d4 Bg7 3. Nc3 d5 4. exd5 Nf6 5. Bc4 Nbd7 6. Bf4 Nb6 7. Bb5+ Bd7 8.
Bxd7+ Qxd7 9. Nf3 Nfxd5 10. Nxd5 Nxd5 11. Be5 f6 12. Bg3 Qe6+ 13. Qe2 Qxe2+ 14.
Kxe2 Bh6 15. c4 Nf4+ 16. Bxf4 Bxf4 17. g3 Bh6 18. d5 e5 19. dxe6 O-O-O 20. Rhd1
Rhe8 21. Rxd8+ Kxd8 22. Rd1+ Kc8 23. Nd4 c5 24. Nb5 Rxe6+ 25. Kf1 a6 26. Nc3 f5
27. Re1 Rxe1+ 28. Kxe1 Bg7 29. Kd2 Bxc3+ 1/2-1/2

[Event "Mittelfr. EM 2018 - Hauptturnier"]
[Site "Nürnberg"]
[Date "2018.03.28"]
[Round "4.10"]
[White "Kocak, Ediz"]
[Black "Balhar, Michael"]
[Result "1-0"]
[WhiteElo "1807"]
[BlackElo "1791"]
[PlyCount "83"]
[EventDate "2018.??.??"]
[WhiteTeam "SGem Fürth"]
[BlackTeam "SC Erlangen"]

1. d4 d5 2. Bf4 Nf6 3. e3 e6 4. Nd2 c5 5. c3 Nc6 6. Bd3 cxd4 7. exd4 Bd6 8. Bg3
a6 9. a4 Qc7 10. Ngf3 Bd7 11. Qe2 Ne7 12. Ne5 Ng6 13. h4 Ng8 14. Ndf3 Nh6 15.
h5 Nxe5 16. dxe5 Be7 17. Bf4 Ng8 18. a5 Bc5 19. Be3 Ne7 20. Bxc5 Qxc5 21. Rh4
Bb5 22. Bxb5+ axb5 23. Rb4 Nc6 24. Qxb5 Qxb5 25. Rxb5 O-O 26. b4 Rfb8 27. Rb6
Na7 28. Nd4 Nc8 29. Rb5 Ne7 30. Kd2 Kf8 31. Rc5 Ke8 32. Rc7 Kd8 33. Nb5 Ra6 34.
Kd3 b6 35. Ra7 Rxa7 36. Nxa7 b5 37. a6 Kc7 38. Nxb5+ Kc6 39. Nd6 f6 40. b5+ Kb6
41. a7 Ra8 42. Ra6+ 1-0

[Event "Mittelfr. EM 2018 - Hauptturnier"]
[Site "Nürnberg"]
[Date "2018.03.29"]
[Round "5.1"]
[White "Walter, Florian"]
[Black "Hirn, Erwin"]
[Result "1-0"]
[WhiteElo "2203"]
[BlackElo "2101"]
[PlyCount "33"]
[EventDate "2018.??.??"]
[WhiteTeam "SC Noris-Tarrasch Nürnberg"]
[BlackTeam "SK Neumarkt"]

1. c4 c5 2. g3 Nc6 3. Bg2 Nf6 4. Nc3 g6 5. a3 Bg7 6. Rb1 d6 7. b4 cxb4 8. axb4
O-O 9. Nh3 e5 10. b5 Ne7 11. Ng5 Rb8 12. Qa4 h6 13. Qxa7 Bf5 14. Nge4 Nxe4 15.
Nxe4 d5 16. cxd5 Qxd5 17. Nf6+ 1-0

[Event "Mittelfr. EM 2018 - Hauptturnier"]
[Site "Nürnberg"]
[Date "2018.03.29"]
[Round "5.2"]
[White "Böhme, Markus"]
[Black "Meulner, Klaus"]
[Result "1/2-1/2"]
[WhiteElo "2045"]
[BlackElo "2103"]
[PlyCount "93"]
[EventDate "2018.??.??"]
[WhiteTeam "SC Uttenreuth"]
[BlackTeam "SW Nürnberg Süd"]

1. e4 c5 2. Nf3 a6 3. g3 Nf6 4. d3 d5 5. e5 Ng4 6. h3 Nh6 7. Bg2 Nc6 8. O-O e6
9. Bg5 Qb6 10. Qc1 Nf5 11. c3 h6 12. Bd2 Bd7 13. Na3 g5 14. Nc2 Bg7 15. Re1 Rc8
16. Ne3 Nxe3 17. Rxe3 O-O 18. Re2 Qc7 19. Qe1 Ne7 20. Nh2 Bb5 21. f4 gxf4 22.
Bxf4 Bxd3 23. Rf2 Ng6 24. Ng4 Nxf4 25. Rxf4 c4 26. Qe3 Qc5 27. Rd4 Kh7 28. Kh1
Qe7 29. Rf4 Qg5 30. h4 Qg6 31. Rd1 Bf5 32. Nf6+ Bxf6 33. exf6 Rg8 34. g4 Bxg4
35. Rg1 Qh5 36. Qf2 Rg6 37. Kh2 Rcg8 38. Qe1 e5 39. Bxd5 exf4 40. Bxf7 Qf5 41.
Bxg8+ Rxg8 42. Qe7+ Kg6 43. f7 Rc8 44. Qe8 Kh7 45. Qe7 Kg6 46. Qe8 Kh7 47. Qe7
1/2-1/2

[Event "Mittelfr. EM 2018 - Hauptturnier"]
[Site "Nürnberg"]
[Date "2018.03.29"]
[Round "5.3"]
[White "Walter, Thomas"]
[Black "Finster, Michael"]
[Result "0-1"]
[WhiteElo "2091"]
[BlackElo "2144"]
[PlyCount "132"]
[EventDate "2018.??.??"]
[WhiteTeam "SC Erlangen"]
[BlackTeam "SK Herzogenaurach"]

1. e4 e5 2. Nf3 Nc6 3. d4 exd4 4. Nxd4 Bc5 5. Nb3 Bb6 6. Nc3 d6 7. Qe2 h6 8.
Be3 Nf6 9. f3 Be6 10. O-O-O Qe7 11. Bxb6 axb6 12. Qb5 Bd7 13. Qc4 Be6 14. Nd5
Bxd5 15. exd5 Na5 16. Qa4+ Nd7 17. Bb5 Nxb3+ 18. Qxb3 O-O 19. Rhe1 Qd8 20. Kb1
Nc5 21. Qe3 Ra5 22. Bc4 Ra4 23. Bb3 Ra8 24. c3 Re8 25. Qxe8+ Qxe8 26. Rxe8+
Rxe8 27. Bc4 Re7 28. Kc2 Nd7 29. b4 Kf8 30. a4 Ke8 31. a5 Kd8 32. a6 bxa6 33.
Bxa6 Nf6 34. Bc4 Re5 35. Rd2 g5 36. b5 Re1 37. g3 Nd7 38. Re2 Rh1 39. f4 f6 40.
Rg2 Nc5 41. fxg5 hxg5 42. Re2 Nd7 43. Bd3 Ne5 44. Be4 Rf1 45. Bg2 Rg1 46. Kd2
f5 47. h4 g4 48. h5 Ke7 49. Rf2 Ra1 50. Ke3 Kf6 51. h6 Kg5 52. Bf1 Ra8 53. Rh2
Re8 54. Kf2 Rh8 55. h7 Kg6 56. Ke3 Rxh7 57. Rxh7 Kxh7 58. Kf4 Kg6 59. Be2 Kf6
60. c4 Ng6+ 61. Ke3 Ke5 62. Bd1 Nf8 63. Bc2 Nd7 64. Bb1 Nc5 65. Kf2 Ne4+ 66.
Kg2 Kd4 0-1

[Event "Mittelfr. EM 2018 - Hauptturnier"]
[Site "Nürnberg"]
[Date "2018.03.29"]
[Round "5.4"]
[White "Seibold, Hubert"]
[Black "Erlbeck, Peter"]
[Result "1-0"]
[WhiteElo "2133"]
[BlackElo "2095"]
[PlyCount "101"]
[EventDate "2018.??.??"]
[WhiteTeam "SK Zirndorf"]
[BlackTeam "SW Nürnberg Süd"]

1. e4 c5 2. Nf3 Nc6 3. d4 cxd4 4. Nxd4 Nf6 5. Nc3 e6 6. Ndb5 d6 7. Bf4 e5 8.
Bg5 a6 9. Na3 b5 10. Nd5 Be7 11. Bxf6 Bxf6 12. c4 b4 13. Nc2 O-O 14. g3 Rb8 15.
b3 Bg5 16. Bg2 Be6 17. Qd3 Qd7 18. O-O f5 19. exf5 Bxf5 20. Be4 g6 21. Bxf5
gxf5 22. f4 Bh6 23. Rad1 Kh8 24. Kh1 Bg7 25. Nde3 Rbd8 26. fxe5 Nxe5 27. Qd5 a5
28. Nd4 f4 29. gxf4 Ng4 30. Nxg4 Qxg4 31. Ne6 Rf5 32. Qg2 Qxg2+ 33. Kxg2 Rg8
34. Nxg7 Rxg7+ 35. Kf3 Rgf7 36. Ke4 Rh5 37. Rf2 Re7+ 38. Kf3 a4 39. bxa4 Rh3+
40. Kg4 Rc3 41. Rxd6 Rxc4 42. a5 Rg7+ 43. Kf3 Rf7 44. Ke3 Ra7 45. a6 Kg7 46.
Rb6 Rc3+ 47. Ke2 Re7+ 48. Kf1 Ra3 49. f5 Kf7 50. f6 Rd7 51. Rb7 1-0

[Event "Mittelfr. EM 2018 - Hauptturnier"]
[Site "Nürnberg"]
[Date "2018.03.29"]
[Round "5.5"]
[White "Böhme, Sebastian"]
[Black "Leis, Stefan"]
[Result "1-0"]
[WhiteElo "2036"]
[BlackElo "1966"]
[PlyCount "109"]
[EventDate "2018.??.??"]
[WhiteTeam "SC Uttenreuth"]
[BlackTeam "SC Mühlhof-Reichelsdorf"]

1. e4 e5 2. Nc3 Nf6 3. Bc4 Nxe4 4. Qh5 Nd6 5. Qxe5+ Qe7 6. Qxe7+ Bxe7 7. Bb3 c6
8. Nf3 Nf5 9. O-O d5 10. Re1 O-O 11. d4 Bd6 12. Ne2 Nd7 13. c3 Nf6 14. Bf4 Bxf4
15. Nxf4 Nd6 16. Bc2 Bf5 17. Bxf5 Nxf5 18. Ne5 Nd6 19. f3 Rfe8 20. g4 h6 21. h4
Red8 22. Re2 Nd7 23. Rae1 a5 24. Kf2 Rac8 25. Nfd3 Nxe5 26. Rxe5 Rc7 27. Kg3
Kf8 28. h5 Re8 29. Kf4 f6 30. Rxe8+ Nxe8 31. Nc5 Kf7 32. Ne6 Rc8 33. Nc5 b6 34.
Nd7 b5 35. Nc5 Nd6 36. b3 b4 37. cxb4 axb4 38. Na6 Nb5 39. Rd1 Ke6 40. Nxb4 Kd6
41. a4 Nc7 42. Nc2 Re8 43. Re1 Ne6+ 44. Kf5 Nxd4+ 45. Kg6 Re5 46. f4 Rxe1 47.
Nxe1 Nxb3 48. Kxg7 Ke6 49. Kxh6 Kf7 50. Kh7 Nc5 51. g5 fxg5 52. fxg5 Ne6 53.
g6+ Kf6 54. a5 Nf8+ 55. Kh8 1-0

[Event "Mittelfr. EM 2018 - Hauptturnier"]
[Site "Nürnberg"]
[Date "2018.03.29"]
[Round "5.6"]
[White "Adelhütte, Dennis"]
[Black "Smyk, Jozef"]
[Result "1-0"]
[WhiteElo "1961"]
[BlackElo "1952"]
[PlyCount "67"]
[EventDate "2018.??.??"]
[WhiteTeam "SC JÄKLECHEMIE"]
[BlackTeam "SK Neumarkt"]

1. d4 d5 2. c4 c6 3. Nc3 Nf6 4. Nf3 dxc4 5. a4 Bf5 6. e3 e6 7. Bxc4 Bb4 8. Bd2
O-O 9. O-O a5 10. Ne5 Nbd7 11. f4 Bxc3 12. bxc3 Be4 13. Qb3 Nxe5 14. fxe5 Nd7
15. Rf4 Bd5 16. Bxd5 cxd5 17. Raf1 Nb6 18. Qd1 Nc4 19. Bc1 b5 20. Qh5 Qe7 21.
Rh4 f5 22. Qxh7+ Kf7 23. Qh5+ Kg8 24. e4 Qxh4 25. Qxh4 fxe4 26. Rxf8+ Rxf8 27.
Qe7 e3 28. Qxe6+ Rf7 29. Bxe3 Nxe3 30. Qe8+ Rf8 31. Qxb5 Kh8 32. h3 Nc4 33.
Qxd5 Rf1+ 34. Kh2 1-0

[Event "Mittelfr. EM 2018 - Hauptturnier"]
[Site "Nürnberg"]
[Date "2018.03.29"]
[Round "5.7"]
[White "Brenner, Christian"]
[Black "Homuth, Wolfgang"]
[Result "1-0"]
[WhiteElo "1990"]
[BlackElo "2198"]
[PlyCount "47"]
[EventDate "2018.??.??"]
[WhiteTeam "Zabo-Eintracht Nürnberg"]
[BlackTeam "SC Noris-Tarrasch Nürnberg"]

1. e4 c5 2. Nf3 e6 3. d4 cxd4 4. Nxd4 Nc6 5. Nc3 Qc7 6. Be2 a6 7. O-O Nf6 8.
Kh1 Be7 9. Be3 O-O 10. f4 d6 11. a4 Bd7 12. Nxc6 Bxc6 13. Bd3 d5 14. e5 Ne4 15.
Qg4 g6 16. Ne2 Bd7 17. Bd4 Rfc8 18. c3 Bf8 19. Bxe4 dxe4 20. Ng3 f5 21. exf6 e5
22. f7+ Kxf7 23. fxe5+ Kg8 24. e6 1-0

[Event "Mittelfr. EM 2018 - Hauptturnier"]
[Site "Nürnberg"]
[Date "2018.03.29"]
[Round "5.8"]
[White "Bildt, Maximilian"]
[Black "Link, Andreas"]
[Result "1-0"]
[WhiteElo "2045"]
[BlackElo "2028"]
[PlyCount "96"]
[EventDate "2018.??.??"]
[WhiteTeam "SK Zirndorf"]
[BlackTeam "Zabo-Eintracht Nürnberg"]

1. e4 e5 2. Nf3 Nc6 3. Bb5 a6 4. Ba4 Nf6 5. O-O Be7 6. Re1 b5 7. Bb3 O-O 8. a4
Bb7 9. d3 d6 10. Nc3 Nd4 11. Nxd4 exd4 12. Ne2 c5 13. Ng3 d5 14. e5 Ne8 15. Nf5
c4 16. Ba2 Bc5 17. Qh5 Bc8 18. Bg5 f6 19. Bh4 g6 20. Nh6+ Kh8 21. Qf3 g5 22.
Bxg5 fxg5 23. Qxf8+ Bxf8 24. Nf7+ Kg7 25. Nxd8 Bc5 26. e6 Kf6 27. Re2 Ra7 28.
Rf1 Rc7 29. f4 g4 30. Re5 Be7 31. Rxd5 cxd3 32. cxd3 Rc2 33. Rf2 Rc1+ 34. Rf1
Rc2 35. axb5 axb5 36. Rf2 Rc1+ 37. Rf1 Rc2 38. Bb1 Rxb2 39. Rc1 Nd6 40. Nc6 Bb7
41. Nxe7 Kxe7 42. Rc7+ Kxe6 43. Re5+ Kf6 44. Bc2 b4 45. Rxh7 Rxc2 46. Rh6+ Kf7
47. Rxd6 Bc6 48. Ra5 Re2 1-0